[Event "Penang op-A 9th"]
[Site "Penang"]
[Date "2017.12.04"]
[Round "1"]
[White "Loo, Hsien Rong Evan"]
[Black "Manu David, Suthandram R"]
[Result "0-1"]
[WhiteElo "1565"]
[BlackElo "2051"]
[PlyCount "71"]
[EventDate "2017.12.04"]
[EventType "swiss"]
[EventRounds "9"]
[EventCountry "MAS"]
[SourceTitle "CBM 182 Extra"]
[Source "ChessBase"]
[SourceDate "2018.02.23"]
[SourceVersion "1"]
[SourceVersionDate "2018.02.23"]
[SourceQuality "1"]

1. d4 d6 2. c4 g6 3. Nc3 Bg7 4. Nf3 Nf6 5. e4 0-0 6. Be2 Nbd7 7. 0-0 e5 8. d5 Nh5 9. Re1 Nb6 10. g3 Bd7 11. b4 a5 12. Ba3 Nc8 13. bxa5 Rxa5 14. Bb4 Ra8 15. c5 dxc5 16. Bxc5 Re8 17. Qb3 b6 18. Be3 Nd6 19. Nd2 Nf6 20. f3 Bf8 21. Nc4 Nb7 22. Rad1 Qb8 23. Kg2 Nc5 24. Qb2 b5 25. Nxe5 Rxe5 26. Bd4 c6 27. Nxb5 Rh5 28. dxc6 Bxc6 29. Bxf6 Na4 30. Qb3 Rxb5 31. Bxb5 Qxb5 32. Qxb5 Bxb5 33. Rd8 Rxd8 34. Bxd8 Bg7 35. Be7 h6 36. e5 0-1

[Event "ASEAN-ch U14 15th"]
[Site "Taipa"]
[Date "2014.06.08"]
[Round "7"]
[White "Xu, Haoen"]
[Black "Loo, Hsien Rong Evan"]
[Result "1/2-1/2"]
[WhiteElo "1514"]
[BlackElo "1381"]
[PlyCount "132"]
[EventDate "2014.06.04"]
[EventType "swiss"]
[EventRounds "9"]
[EventCountry "MAC"]
[SourceTitle "CBM 160 Extra"]
[Source "ChessBase"]
[SourceDate "2014.07.01"]
[SourceVersion "1"]
[SourceVersionDate "2014.07.01"]
[SourceQuality "1"]

1. e4 e6 2. d4 d5 3. exd5 exd5 4. Nf3 Nf6 5. Bd3 Bd6 6. 0-0 0-0 7. Bg5 Bg4 8. Nbd2 Nbd7 9. c3 c6 10. Qb3 Qc7 11. h3 Bxf3 12. Nxf3 h6 13. Be3 Nh5 14. Rfe1 Nf4 15. Bf1 Rfe8 16. Bxf4 Bxf4 17. g3 Bd6 18. Qc2 Nf6 19. Qf5 Ne4 20. Bg2 Re7 21. Re3 Nxg3 22. Rxe7 Nxf5 23. Rxc7 Bxc7 24. Re1 g5 25. Nh2 Nh4 26. Re7 Rc8 27. Ng4 Kg7 28. Ne5 Bxe5 29. dxe5 Ng6 30. Rxb7 Nxe5 31. Rxa7 Nd3 32. Rb7 Re8 33. Bf3 Re1+ 34. Kg2 Ra1 35. a3 Ra2 36. Be2 Rxb2 37. Rxb2 Nxb2 38. Ba6 Kf6 39. Bb7 Na4 40. Bxc6 Nxc3 41. a4 d4 42. a5 d3 43. a6 d2 44. Bf3 Nb5 45. Kf1 Nd4 46. Bd1 Nb5 47. Ke2 Ke5 48. Kxd2 Kf4 49. Be2 Nc7 50. a7 Ke4 51. Bh5 f6 52. Ke2 Kf4 53. Bf3 f5 54. a8Q Nxa8 55. Bxa8 g4 56. h4 Ke5 57. Bc6 f4 58. Bd7 g3 59. fxg3 fxg3 60. Kf3 g2 61. Kxg2 h5 62. Be8 Kf4 63. Bxh5 Kf5 64. Kf3 Kf6 65. Kf4 Kg7 66. Kg5 Kh7 1/2-1/2